Tvorba znalostných báz prostredníctvom automatu Symac-alfa = The knowladge basis creation for Symac-alfa machine : Dipl.práca

Gespeichert in:
Bibliographische Detailangaben
1. Verfasser: Kukučka, Marek (Verfasst von)
Weitere Verfasser: Píš, Pavel, 1939- (Betreuung Doktorarbeit)
Format: Manuskript Buch
Sprache:Slowakisch
Veröffentlicht: Bratislava : STU v Bratislave FEI, 1999
Schlagworte:
Tags: Tag hinzufügen
Keine Tags, Fügen Sie das erste Tag hinzu!

MARC

LEADER 00000ntm a22000003a 4500
001 stu52291
005 20160426152547.5
008 000228s1999----xo------------------slo-d
040 |a STU  |b slo 
041 0 |a slo 
044 |a xo 
100 1 |a Kukučka, Marek  |4 aut  |u E030  |U FEI Fakulta elektrotechniky a informatiky  |T FEI Ústav elektroniky a fotoniky  |X 1884  |U E030  |Y 549  |7 A000001884 
245 1 |a Tvorba znalostných báz prostredníctvom automatu Symac-alfa = The knowladge basis creation for Symac-alfa machine :  |b Dipl.práca 
260 |a Bratislava :  |b STU v Bratislave FEI,  |c 1999 
300 |a 67 s 
650 7 |a elektronika  |2 stusub 
700 1 |a Píš, Pavel,  |d 1939-  |4 ths  |u E230  |U FEI Fakulta elektrotechniky a informatiky  |T FEI Katedra rádioelektroniky  |X 2018  |U E230  |Y 71  |7 A000002018